| 000 | 00523nam a2200193Ia 4500 | ||
|---|---|---|---|
| 999 |
_c50552 _d50552 |
||
| 001 | 17502 | ||
| 003 | GE_BSU | ||
| 005 | 20200217122905.0 | ||
| 008 | 181216s2006||||enk|||||||||||||| ||eng|| | ||
| 020 | _a9780595406449 | ||
| 040 | _cGE_BSU | ||
| 080 | _a512 O-50 | ||
| 100 |
_aOlsavsky, Gregor _97104 |
||
| 245 |
_aBasic linear Algebra / _cGregor Olsavsky. |
||
| 264 |
_aNew York, _c2006. |
||
| 300 |
_a308 p. _b30cm. |
||
| 653 | _aძირითადი ხაზოვანი ალგებრა | ||
| 942 |
_cBK _2udc |
||